[Event "ARG-ch"]
[Site "Buenos Aires"]
[Date "1998.04.30"]
[Round "14"]
[White "Malbran, Guillermo"]
[Black "Sorokin, Maxim"]
[Result "0-1"]
[WhiteElo "2355"]
[BlackElo "2555"]

1.e4 c5 2.Nf3 d6 3.Bb5+ Nd7 4.O-O Nf6 5.d4 Nxe4 6.Re1 Nf6 7.Bg5 a6 8.Bxd7+ Bxd7
9.Bxf6 gxf6 10.Nc3 e6 11.dxc5 dxc5 12.Nh4 h5 13.Nd5 Bc6 14.c4 Bg7 15.Nf5 Kf8
16.Nxg7 Kxg7 17.Nf4 Qxd1 18.Raxd1 h4 19.Rd3 Rad8 20.Red1 Rd4 21.Rxd4 cxd4
22.Nd3 h3 23.Nb4 Bxg2 24.Rxd4 f5 25.Nd3 Kf6 26.f4 Rg8 27.Kf2 Bc6 28.Ne1 Rg4
29.b3 Be4 30.Ke3 Rg1 31.Nf3 Rg2 32.Rd7 Bc6 33.Rc7 Rxa2 34.Ng5 Rxh2 35.Rxf7+ Kg6
36.Re7 Rb2 37.Rxe6+ Kg7 38.Re7+ Kf8 39.Rh7 h2 40.Rh8+ Kg7  0-1

[Event "FRA-chT"]
[Site "FRA"]
[Date "1998.05.08"]
[Round "8"]
[White "Degraeve, Jean Marc"]
[Black "Popovic, Petar"]
[Result "1-0"]
[WhiteElo "2525"]
[BlackElo "2525"]

1.e4 c5 2.Nf3 d6 3.Bb5+ Bd7 4.Bxd7+ Qxd7 5.O-O Nc6 6.b3 Nf6 7.Re1 g6 8.c3 Bg7
9.d4 O-O 10.Bb2 e6 11.Nbd2 Rfd8 12.Qe2 cxd4 13.cxd4 Nh5 14.g3 Rac8 15.Rad1 d5
16.e5 Nb4 17.a3 Nc2 18.Rf1 Rc6 19.Nb1 Rdc8 20.g4 Nf4 21.Qd2 g5 22.Nxg5 Ng6
23.f4 f6 24.Nf3 Bh6 25.g5 fxg5 26.fxg5 Bg7 27.Rc1 b5 28.Bc3 Rxc3 29.Nxc3 Nxa3
30.Ne2 Rb8 31.h4 b4 32.h5 Ne7 33.h6 Bf8 34.Nh4 Qe8 35.Nf4 Rb6 36.Rf2 Nb5
37.Rcf1 Nf5 38.Nxf5 exf5 39.Nxd5  1-0

[Event "FRA-chT"]
[Site "FRA"]
[Date "1998.05.08"]
[Round "8"]
[White "Relange, Eloi"]
[Black "Loeffler, Markus"]
[Result "1-0"]
[WhiteElo "2490"]
[BlackElo "2350"]

1.e4 c5 2.Nf3 d6 3.Bb5+ Nc6 4.d4 cxd4 5.Qxd4 Bd7 6.Bxc6 Bxc6 7.Nc3 e6 8.Bg5 Nf6
9.O-O-O Be7 10.Qd3 Qa5 11.h4 O-O 12.Nd4 Rac8 13.Kb1 Rfd8 14.g4 a6 15.f3 b5
16.Nce2 Bb7 17.Ng3 Qc7 18.Nh5 Nxh5 19.gxh5 Bxg5 20.hxg5 d5 21.e5 Qxe5 22.g6 Qf6
23.gxf7+ Qxf7 24.h6 g6 25.Rde1 Re8 26.Re5 Rc7 27.Rhe1 Bc8 28.a3 Rce7 29.Qc3 Bd7
30.Qd2 Qf6 31.f4 Kh8 32.Qe3 Qf8 33.f5 gxf5 34.Nxf5 Rf7 35.Qd4 Rf6 36.Ng7 Rf4
37.Qe3 d4 38.Qe2 Rf2 39.Qd3 Rc8 40.Nxe6 Qxh6 41.Ng5 Rcf8 42.Qxd4 Qg7 43.Nxh7 R8f4
44.Qc5 Rf5 45.Ng5 Rxe5 46.Rxe5 Rf1+ 47.Ka2 Qg8+ 48.Rd5 Rf5 49.Qd4+  1-0

[Event "Capablanca mem 33th Premier"]
[Site "Havana"]
[Date "1998.05.08"]
[Round "2"]
[White "Vazquez, Renier"]
[Black "Siegel, Georg"]
[Result "1/2-1/2"]
[WhiteElo "2405"]
[BlackElo "2540"]

1.e4 c5 2.Nf3 d6 3.Bb5+ Bd7 4.Bxd7+ Qxd7 5.c4 Nc6 6.O-O Ne5 7.d4 Nxf3+ 8.gxf3 e6
9.Nc3 Be7 10.dxc5 dxc5 11.Qxd7+ Kxd7 12.Rd1+ Kc6 13.e5 Rd8 14.Be3 Nh6 15.Bxh6 gxh6
16.Ne4 a6 17.a4 Bg5 18.Nxg5 hxg5 19.Kf1 Rd4 20.Rxd4 cxd4 21.Ke2 Kc5 22.Kd3 a5
23.Rg1 h6 24.Rg4 Rd8 25.f4 Rh8 26.f5 Rd8 27.f6 b6 28.f4 gxf4 29.Rxf4 Rg8
30.Rxd4 Rg5 31.Rd7 Rxe5 32.Rxf7 Rf5 33.Rf8 Kd6 34.f7 Ke7 35.Rb8 Kxf7 36.Rxb6 Rh5
37.Rb5 Rxh2 38.Rxa5 Rxb2 39.c5 Kf6 40.c6 Ke7 41.c7 Kd7 42.Rc5 Kc8 43.a5  1/2-1/2

[Event "Neubrandenburg op"]
[Site "Neubrandenburg"]
[Date "1998.05.09"]
[Round "4"]
[White "Reyer, Ulli"]
[Black "Jorgensen, Soren Berg"]
[Result "1/2-1/2"]
[WhiteElo "2150"]
[BlackElo "2105"]

1.e4 c5 2.Nf3 d6 3.Bb5+ Nc6 4.O-O Bd7 5.c3 a6 6.Ba4 Nf6 7.Bc2 Bg4 8.d3 g6
9.Nbd2 Bg7 10.h3 Bxf3 11.Nxf3 O-O 12.Be3 Nd7 13.Qd2 Nce5 14.Nh2 b5 15.Bh6 Rb8
16.Bxg7 Kxg7 17.f4 Nc6  1/2-1/2

[Event "FRA-chT"]
[Site "FRA"]
[Date "1998.05.10"]
[Round "10"]
[White "Degraeve, Jean Marc"]
[Black "Bacrot, Etienne"]
[Result "1/2-1/2"]
[WhiteElo "2525"]
[BlackElo "2565"]

1.e4 c5 2.Nf3 d6 3.Bb5+ Bd7 4.Bxd7+ Qxd7 5.O-O Nf6 6.Re1 Nc6 7.b3 g6 8.c3 Bg7
9.d4 O-O 10.Bb2 e5 11.dxe5 dxe5 12.Qxd7 Nxd7 13.Nbd2 Rfd8 14.a4 Na5 15.Red1 Nb6
16.Rab1 Rd7 17.Kf1 Rad8 18.Ke2 f6 19.c4 Nc8 20.Bc3 Nc6 21.Ne1 Bh6 22.Nf1 Rxd1
23.Rxd1 Rxd1 24.Kxd1 Nd6 25.f3 b6 26.Nd3 Kf7 27.Ke2 a5 28.Nf2 Nd4+ 29.Bxd4 cxd4
30.Nd3 Nb7 31.g3 Ke6 32.f4 exf4 33.gxf4 f5 34.exf5+ gxf5 35.Ng3 Nc5 36.Nxc5+ bxc5
37.Kf3 Bf8 38.Nh1  1/2-1/2

[Event "Toronto op"]
[Site "Toronto"]
[Date "1998.05.16"]
[Round "5"]
[White "Ochkoos, Jura"]
[Black "Nickoloff, Bryon"]
[Result "0-1"]
[WhiteElo "2270"]
[BlackElo "2400"]

1.e4 c5 2.Nf3 d6 3.Bb5+ Nc6 4.O-O Bd7 5.c3 Nf6 6.d3 a6 7.Ba4 b5 8.Bc2 Bg4
9.h3 Bh5 10.Nbd2 e6 11.Re1 d5 12.a4 Be7 13.exd5 Nxd5 14.Ne4 O-O 15.Be3 Qb6
16.Ng3 Bg6 17.Bd2 Rfd8 18.Ne4 Ra7 19.Qe2 b4 20.Rec1 Rad7 21.a5 Nxa5 22.Ba4 Rb7
23.Ne5 bxc3 24.bxc3 Qc7 25.Nxg6 hxg6 26.h4 Bxh4 27.d4 c4 28.Nc5 Rb6 29.Bc2 Rc6
30.Ra2 Be7 31.Rca1 Nb3 32.Nxb3 cxb3 33.Bxb3 Nxc3 34.Bxc3 Rxc3 35.Rc2 Rxc2
36.Bxc2 a5 37.g3 Rxd4 38.Be4 Bc5  0-1

[Event "Toronto op"]
[Site "Toronto"]
[Date "1998.05.17"]
[Round "7"]
[White "Benjamin, Joel"]
[Black "Gurevich, Dmitry"]
[Result "1/2-1/2"]
[WhiteElo "2595"]
[BlackElo "2540"]

1.e4 c5 2.Nf3 d6 3.Bb5+ Bd7 4.Bxd7+ Qxd7 5.c4 Nf6 6.Nc3 Nc6 7.d4 cxd4 8.Nxd4 e6
9.O-O Be7 10.Be3 O-O 11.Qe2 Rac8 12.Rac1 a6 13.Rfd1 Nxd4 14.Bxd4 Qc6 15.b3 e5
16.Be3 Nxe4 17.Nd5 Bd8 18.Nb4 Qc7 19.Qd3 f5 20.f3 f4 21.Qxe4 fxe3 22.Nd5 Qa5
23.Rc2 b5 24.Qxe3 bxc4 25.bxc4 h6 26.h3 Qc5 27.Qxc5 Rxc5 28.Kf2  1/2-1/2

[Event "BCF-chT 97/98 (4NCL)"]
[Site "GBR"]
[Date "1998.05.23"]
[Round "9"]
[White "Ansell, Simon"]
[Black "Sadler, Matthew"]
[Result "0-1"]
[WhiteElo "2380"]
[BlackElo "2650"]

1.e4 c5 2.Nf3 d6 3.Bb5+ Nd7 4.d4 Nf6 5.Nc3 a6 6.Bxd7+ Nxd7 7.Bg5 h6 8.Bh4 g5
9.Bg3 Bg7 10.dxc5 Nxc5 11.e5 g4 12.Nh4 Qa5 13.O-O dxe5 14.Re1 f6 15.Ng6 Rh7
16.Nd5 e6 17.Nde7 Qd8 18.Qxg4 h5 19.Qc4 Qd4 20.Qe2 Bd7 21.Rad1 Qxb2 22.h4 Qc3
23.Rd6 Ba4 24.Red1 Bb5 25.Qe3 Qxe3 26.fxe3 Bh6 27.Bf2 Rxe7 28.Nxe7  0-1

[Event "Internet"]
[Site "ICC m1"]
[Date "1998.05.24"]
[Round "1"]
[White "Kasparov, Gary"]
[Black "Svidler, Peter"]
[Result "1-0"]
[WhiteElo "2825"]
[BlackElo "2690"]

1.e4 c5 2.Nf3 d6 3.Bb5+ Nd7 4.d4 Nf6 5.Nc3 cxd4 6.Qxd4 e5 7.Qd3 Be7 8.Bg5 O-O
9.Bxd7 Nxd7 10.Bxe7 Qxe7 11.O-O-O Nf6 12.Qxd6 Qxd6 13.Rxd6 Re8 14.h3 b6 15.Rhd1 Bb7
16.Nd2 Rac8 17.f3 Kf8 18.Nf1 Ke7 19.Ne3 g6 20.a4 Red8 21.Rxd8 Rxd8 22.Rxd8 Kxd8
23.Nc4 Nd7 24.Nd6 Ba6 25.Nd5 f6 26.Kd2 Nc5 27.b4 Nxa4 28.b5 Bc8 29.Nxc8 Kxc8
30.Nxf6 h5 31.h4 Kd8 32.g4 Ke7 33.Nd5+ Ke6 34.Ke3 Nb2 35.gxh5 gxh5 36.f4 Nc4+
37.Kd3 Nb2+ 38.Ke2 exf4 39.Nxf4+ Ke5 40.Nd3+ Nxd3 41.Kxd3  1-0

[Event "Mem Day Classic"]
[Site "Los Angeles"]
[Date "1998.05.25"]
[Round "5"]
[White "Weinberger, Tibor"]
[Black "Wolski, Thomas"]
[Result "1/2-1/2"]
[WhiteElo "2195"]
[BlackElo "2315"]

1.e4 c5 2.Nf3 d6 3.Bb5+ Nd7 4.O-O Nf6 5.Re1 a6 6.Bf1 b6 7.d4 cxd4 8.Qxd4 Bb7
9.Nc3 e6 10.Bg5 Be7 11.Rad1 O-O 12.Bh4 e5 13.Qe3 Rc8 14.g3 Rxc3 15.Qxc3 Nxe4
16.Qb4 g5 17.Rxe4 gxh4 18.Re3 hxg3 19.hxg3 Kh8 20.Bg2 f6 21.Nh4 Bxg2 22.Kxg2 f5
23.Rh1 Qe8 24.Qc4 f4 25.Rf3 Bxh4 26.Rxh4 Qa8 27.Qd3 Rf7 28.gxf4 Nc5 29.Qxd6 Rg7+
30.Kf1 Qxf3 31.Qf8+ Rg8  1/2-1/2

[Event "Warsaw-ch"]
[Site "Warsaw"]
[Date "1998.05.28"]
[Round "6"]
[White "Jaskowski, Tadeusz"]
[Black "Warszawski, Bartosz"]
[Result "0-1"]
[WhiteElo "2070"]
[BlackElo "2200"]

1.e4 c5 2.Nf3 d6 3.Bb5+ Bd7 4.a4 g6 5.O-O Bg7 6.Re1 a6 7.Bxd7+ Nxd7 8.d4 cxd4
9.Nxd4 Ngf6 10.Nc3 O-O 11.h3 Rc8 12.Nb3 Ne5 13.a5 Nc4 14.Qe2 Nd7 15.Nd1 Nde5
16.f4 Nd7 17.Kh1 e5 18.c3 f5 19.exf5 Rxf5 20.Ne3 Nxe3 21.Qxe3 Qh4 22.Bd2 Nf6
23.Qb6 Rf8 24.Qxd6 Ng4 25.Qd5+ Kh8 26.Qf3 h5 27.Kg1 Rxf4 28.Bxf4 Rxf4 29.Qe2 Rf2
30.Qd3 Rxg2+  0-1

[Event "Garcia mem Premier"]
[Site "Santa Clara"]
[Date "1998.05.29"]
[Round "5"]
[White "Vazquez, Renier"]
[Black "Martin del Campo, Roberto"]
[Result "1-0"]
[WhiteElo "2405"]
[BlackElo "2485"]

1.e4 c5 2.Nf3 d6 3.Bb5+ Nd7 4.d4 Nf6 5.Nc3 cxd4 6.Qxd4 e5 7.Qd3 h6 8.Be3 Be7
9.Bc4 a6 10.O-O O-O 11.Rfe1 b5 12.Bd5 Nxd5 13.Nxd5 Bb7 14.Nxe7+ Qxe7 15.Rad1 Nf6
16.Qxd6 Rfe8 17.Bc5 Qxd6 18.Bxd6 Bxe4 19.c3 Bxf3 20.gxf3 Rad8 21.Bc7 Rd5
22.Kf1 Rxd1 23.Rxd1 Re6 24.Ke2 Kh7 25.Rd6 Rxd6 26.Bxd6 Nd7 27.Kd3 Kg6 28.Ke4 Kf6
29.Kd5 Nb6+ 30.Kc6 Nc4 31.Ba3 Kf5 32.Kb7 a5 33.b4 axb4 34.Bxb4 Nb2 35.Kc6 Kf4
36.Kxb5 Kxf3 37.c4 Nd3 38.c5 Nf4 39.c6 Ne6 40.Kb6 Kg2  1-0

[Event "Garcia mem Premier"]
[Site "Santa Clara"]
[Date "1998.05.30"]
[Round "6"]
[White "Vazquez, Renier"]
[Black "Borges Mateos, Juan"]
[Result "1/2-1/2"]
[WhiteElo "2405"]
[BlackElo "2480"]

1.e4 c5 2.Nf3 d6 3.Bb5+ Bd7 4.Bxd7+ Qxd7 5.c4 g6 6.d4 cxd4 7.Nxd4 Bg7 8.Nc3 Nc6
9.Nde2 Nf6 10.O-O O-O 11.f3 Rfc8 12.Be3 Rab8 13.b3 a6 14.a4 Qd8 15.Qd2 Nd7
16.Rab1 Qa5  1/2-1/2

[Event "Warsaw-ch"]
[Site "Warsaw"]
[Date "1998.05.31"]
[Round "9"]
[White "Pedzich, Dominik"]
[Black "Staniszewski, Piotr"]
[Result "1/2-1/2"]
[WhiteElo "2440"]
[BlackElo "2435"]

1.e4 c5 2.Nf3 d6 3.Bb5+ Bd7 4.Bxd7+ Qxd7 5.O-O Nc6 6.c3 Nf6 7.Qe2 e6 8.d4 cxd4
9.cxd4 d5 10.e5 Ne4 11.Be3 Be7 12.Ne1 f6 13.f3 Ng5 14.Nd3 O-O 15.Nd2 Rac8
16.Rad1 Qe8 17.Kh1 f5 18.Nb3 b6 19.Rc1 Qd7 20.Rc3 Rc7 21.Rfc1 Rfc8 22.Nf4 Nf7
23.Qa6 Bg5 24.Qb5 Kf8 25.a4 Bxf4 26.Bxf4 Ke8 27.Bd2 Kd8 28.g4 Ne7 29.Qa6 Rxc3
30.Bxc3 Ng5 31.Rf1 Ke8 32.h4 Nf7 33.Kg2 Nd8 34.Ra1 Ndc6 35.Kg3 Kf7 36.Nc1 fxg4
37.fxg4 h5 38.Qf1+ Kg8 39.Qe2 hxg4 40.Qxg4 Nf5+ 41.Kh3 Qf7 42.Ne2 Ne3 43.Qf4 Qxf4
44.Nxf4 Kf7 45.Ne2 Rh8 46.Rc1 Nf5 47.Be1 Rc8 48.Kg4 Nce7 49.Rxc8  1/2-1/2

[Event "Warsaw-ch"]
[Site "Warsaw"]
[Date "1998.05.31"]
[Round "9"]
[White "Ehrenfeucht, Wojciech"]
[Black "Warszawski, Bartosz"]
[Result "1-0"]
[WhiteElo "2340"]
[BlackElo "2200"]

1.e4 c5 2.Nf3 d6 3.Bb5+ Bd7 4.Bxd7+ Qxd7 5.c4 g6 6.d4 cxd4 7.Nxd4 Bg7 8.O-O Nc6
9.Be3 Nf6 10.f3 Rc8 11.b3 a6 12.a4 Qd8 13.Nc3 O-O 14.Rc1 Nd7 15.Rf2 Qa5 16.Nd5 Rfe8
17.Nxc6 bxc6 18.b4 Qd8 19.Nf4 Rb8 20.Rb1 a5 21.b5 c5 22.Ra2 Ne5 23.Qc2 e6
24.Ne2 g5 25.Rd1 Qe7 26.Nc1 Bf6 27.Nb3 Qc7 28.Bd2 Ra8 29.Rb1 Qb6 30.Be1 d5
31.exd5 exd5 32.Nd2 Nxc4 33.Nxc4 dxc4 34.Qxc4 Rad8 35.Bf2 Bd4 36.Rc1 Re5
37.Re2 Rxe2 38.Qxe2 c4 39.Kf1 Rc8 40.Rd1 Bxf2 41.Qxf2 Qg6 42.Qd2 c3 43.Qd7 Rc4
44.Qe7 Kg7 45.Rd8 c2 46.Qf8+ Kf6 47.Rd6+ Kf5 48.Rd5+ Kf6 49.Qh8+ Qg7 50.Qd8+  1-0

[Event "Russian Club Cup"]
[Site "Maikop"]
[Date "1998.06.06"]
[Round "4"]
[White "Shabanov, Yuri"]
[Black "Vaulin, Alexander"]
[Result "1/2-1/2"]
[WhiteElo "2495"]
[BlackElo "2535"]

1.e4 c5 2.Nf3 d6 3.Bb5+ Bd7 4.Bxd7+ Qxd7 5.O-O Nf6 6.e5 dxe5 7.Nxe5 Qc8 8.b3 e6
9.Bb2 Be7 10.Na3 O-O 11.Nac4 Nc6 12.Nxc6 Qxc6 13.Ne5  1/2-1/2

[Event "Tan Chin Nam"]
[Site "Beijing"]
[Date "1998.06.08"]
[Round "1"]
[White "Zhang Zhong"]
[Black "Ye Jiangchuan"]
[Result "1-0"]
[WhiteElo "2530"]
[BlackElo "2530"]

1.e4 c5 2.Nf3 d6 3.Bb5+ Nc6 4.O-O Bd7 5.c3 Nf6 6.Re1 a6 7.Ba4 b5 8.Bc2 c4
9.b3 e5 10.Qe2 Rc8 11.b4 Ne7 12.a4 Ng6 13.d3 Qc7 14.axb5 axb5 15.dxc4 bxc4
16.Be3 Be7 17.Nbd2 O-O 18.Ra7 Qb8 19.Rea1 Bb5 20.Nh4 Bd8 21.Nf5 Re8 22.Ra8 Qxa8
23.Rxa8 Rxa8 24.Nxd6 Ra2 25.Qd1 Be7 26.Nxb5 Rea8 27.f3 h5 28.Bb1 Ra1 29.Qc2 Ne8
30.Qb2 R1a6 31.Nxc4 Rd8 32.Nd2 Nf4 33.Bxf4 exf4 34.e5 g6 35.Nd4 Nc7 36.Bd3 Raa8
37.Be4 Ra6 38.Nc6 Rd7 39.Nb8 Rxd2 40.Qxd2 Ra1+ 41.Kf2  1-0

[Event "Russian Club Cup"]
[Site "Maikop"]
[Date "1998.06.11"]
[Round "9"]
[White "Erendzenov, Stanislav"]
[Black "Loginov, Valery A"]
[Result "0-1"]
[WhiteElo "2370"]
[BlackElo "2500"]

1.e4 c5 2.Nf3 d6 3.Bb5+ Bd7 4.Bxd7+ Qxd7 5.c4 Nc6 6.Nc3 Ne5 7.d3 e6 8.O-O Be7
9.Ne1 Bf6 10.Be3 Ne7 11.Nc2 N5c6 12.d4 cxd4 13.Nxd4 O-O 14.Qd2 Rfd8 15.Rfd1 a6
16.Nde2 Ne5 17.b3 Qc7 18.Rac1 Ng4 19.Bf4 Qc5 20.Bg3 Bg5 21.Nf4 e5 22.Na4 Qa3
23.Nb6 Rab8 24.c5 exf4 25.Bxf4 Bxf4 26.Qxf4 Ne5 27.cxd6 N7c6 28.Qd2 Nd7 29.Nc4 Qc5
30.Kh1 Re8 31.Re1 Qd4 32.Qxd4 Nxd4 33.f4 f6 34.Rcd1 Ne6 35.g3 g5 36.e5 gxf4
37.gxf4 Nxf4 38.exf6 Rxe1+ 39.Rxe1 Nxf6  0-1

[Event "Voronezh op"]
[Site "Voronezh"]
[Date "1998.06.13"]
[Round "2"]
[White "Belikov, Vladimir"]
[Black "Kopjonkin, Gennady"]
[Result "1-0"]
[WhiteElo "2520"]
[BlackElo "2335"]

1.e4 c5 2.Nf3 d6 3.Bb5+ Nd7 4.O-O a6 5.Bxd7+ Bxd7 6.d4 cxd4 7.Qxd4 e5 8.Qd3 h6
9.c4 Nf6 10.Nc3 Bc6 11.Re1 Be7 12.a4 b6 13.b3 O-O 14.Be3 Qc7 15.Nd2 Rab8
16.Nf1 Rfc8 17.Ng3 Bd7 18.Nf5 Bf8 19.Rac1 Kh7 20.Red1 Be6 21.Bd2 g6 22.Ne3 Nh5
23.Ned5 Qd8 24.Be3 f5 25.exf5 Bxf5 26.Qe2 Nf6 27.Nxf6+ Qxf6 28.f3 Qf7 29.Qf2 Qb7
30.h3 Be7 31.Qd2 h5 32.Bg5 Bf8 33.Qf2 Qf7 34.Kh2 Bd7 35.Ne4 Rc6 36.Qh4 Bf5
37.Nc3 Rbc8 38.Rd2 Re8 39.Rcd1 Re6 40.Nd5 a5 41.g4  1-0

[Event "Tan Chin Nam"]
[Site "Beijing"]
[Date "1998.06.14"]
[Round "7"]
[White "Zhang Zhong"]
[Black "Ehlvest, Jaan"]
[Result "1/2-1/2"]
[WhiteElo "2530"]
[BlackElo "2610"]

1.e4 c5 2.Nf3 d6 3.Bb5+ Nc6 4.O-O Bd7 5.Re1 Nf6 6.c3 a6 7.Ba4 b5 8.Bc2 e5
9.h3 g6 10.d4 Bg7 11.dxc5 dxc5 12.a4 Rb8 13.axb5 axb5 14.Be3 Qe7 15.Nbd2 O-O
16.Nb3 c4 17.Nc5 Bc8 18.b4 Rd8 19.Qc1 Nh5 20.Ra3 Qc7 21.g3 Bf8 22.Kg2 Ng7
23.Na6 Bxa6 24.Rxa6 Ne6 25.Rd1 Rxd1 26.Qxd1 Rd8 27.Qa1 Rb8 28.h4 h5 29.Ng5 Nxg5
30.Bxg5 Kh7 31.Qd1 Qb7 32.Ra1 Bh6 33.Bf6 Bg7 34.Bg5 Bh6 35.Bf6 Bg7 36.Qd6 Bxf6
37.Qxf6 Rd8 38.Rd1 Rxd1 39.Bxd1 Qd7 40.Be2 Kg8 41.Kf1 Qc7 42.Qg5 Kf8 43.Qh6+ Kg8
44.Qg5 Kf8 45.Qh6+  1/2-1/2

[Event "Bozen op"]
[Site "Bozen"]
[Date "1998.06.14"]
[Round "2"]
[White "Rossi, Carlo"]
[Black "Vegh, Endre"]
[Result "1-0"]
[WhiteElo "2330"]
[BlackElo "2350"]

1.e4 c5 2.Nf3 d6 3.Bb5+ Bd7 4.Bxd7+ Qxd7 5.O-O Nc6 6.d3 g6 7.Bd2 Bg7 8.Bc3 e5
9.a4 Nge7 10.Na3 O-O 11.Nd2 d5 12.exd5 Nxd5 13.Nb3 b6 14.a5 f5 15.axb6 axb6
16.Nc4 Rxa1 17.Qxa1 f4 18.f3 b5 19.Nca5 Ra8 20.Nxc5 Qe7 21.Ne4 Nxa5 22.Qa2 Qb7
23.Bxa5 Kh8 24.Ra1 h6 25.Kh1 Qc6 26.c4 Ne3 27.b3 Qd7 28.Qd2 g5 29.Rc1 bxc4
30.dxc4 Qb7 31.b4 g4 32.c5 gxf3 33.gxf3 Qb5 34.c6 Nc4 35.Qd3  1-0

[Event "Budapest FS06 GM"]
[Site "Budapest"]
[Date "1998.06.14"]
[Round "9"]
[White "Oral, Tomas"]
[Black "Csom, Istvan"]
[Result "0-1"]
[WhiteElo "2455"]
[BlackElo "2460"]

1.e4 c5 2.Nf3 d6 3.Bb5+ Nd7 4.d4 Nf6 5.Nc3 a6 6.Bxd7+ Nxd7 7.O-O b6 8.Re1 Bb7
9.a4 h6 10.dxc5 bxc5 11.Bf4 g5 12.Bg3 Bg7 13.h4 g4 14.Nd2 h5 15.Nc4 Ne5 16.Bxe5 Bxe5
17.Nxe5 dxe5 18.a5 Rh6 19.Qc1 Rg6 20.Rd1 Qc7 21.Qe3 Rc8 22.Nd5 Qc6 23.Ra3 c4
24.Nb6 Rc7 25.Rd5 Qe6 26.Rc5 Rxc5 27.Qxc5 Bxe4 28.Nxc4 f6 29.Rb3 g3 30.f3 Qd7
31.Ne3 Bf5 32.Qd5 Qxd5 33.Nxd5 Bxc2 34.Rb6 Kf7 35.Nb4 Bd1 36.Nxa6 e4 37.fxe4 Rg4
38.Nc5 Rf4 39.Nd3 Rxe4 40.Rb4 Re3  0-1

[Event "Voronezh op"]
[Site "Voronezh"]
[Date "1998.06.16"]
[Round "5"]
[White "Kostin, Alexey"]
[Black "Lutsko, Igor"]
[Result "1/2-1/2"]
[WhiteElo "2355"]
[BlackElo "2410"]

1.e4 c5 2.Nf3 d6 3.Bb5+ Bd7 4.Bxd7+ Qxd7 5.c4 Nc6 6.Nc3 Nf6 7.O-O g6 8.d4 cxd4
9.Nxd4 Bg7 10.Nde2 O-O 11.f3 Rfc8 12.b3 a6 13.a4 Qd8 14.Be3 Nd7 15.Rb1 Nc5
16.b4 Nd7 17.c5 dxc5 18.bxc5 Na5 19.Bg5 Bf6 20.Bxf6 Nxf6 21.e5 Nd7 22.e6 Nxc5
23.exf7+ Kxf7 24.Nd5 Rc6 25.Qd2 Ne6 26.Rfd1 Rd6 27.Nec3 Rc8 28.Ne4 Rd7 29.Qa2 Rc4
30.Nec3 Qc8 31.Kh1 Qc5 32.Ne4 Qc6 33.Nec3 Rc5 34.Nb4 Rxd1+ 35.Rxd1 Qc7 36.Nbd5 Qc6
37.Nb4 Qc8 38.Nbd5 Rxc3 39.Nxc3 Qxc3 40.Qd5 Qb3 41.Qd7 Nc6 42.Re1 Nc5 43.Qc8 Qxa4
44.Rf1 Kg7 45.h3 Qd4 46.Qc7 Qd7 47.Qf4  1/2-1/2

[Event "Voronezh op"]
[Site "Voronezh"]
[Date "1998.06.17"]
[Round "6"]
[White "Anokhine, Alexej"]
[Black "Lastin, Alexander"]
[Result "0-1"]
[WhiteElo "2215"]
[BlackElo "2535"]

1.e4 c5 2.Nf3 d6 3.Bb5+ Nd7 4.O-O Nf6 5.Re1 a6 6.Bf1 b6 7.d4 cxd4 8.Nxd4 Bb7
9.f3 e6 10.c4 Be7 11.b3 O-O 12.Nc3 Rc8 13.Bb2 Re8 14.Kh1 Bf8 15.Qd2 Qc7 16.Rad1 Qb8
17.Nde2 Rcd8 18.Nd4 Ne5 19.Qc1 Ng6 20.Nc2 Be7 21.Ne3 Rd7 22.Qc2 Bd8 23.g3 h5
24.Bg2 h4 25.Qf2 hxg3 26.hxg3 b5 27.cxb5 axb5 28.Nxb5 Bxe4 29.Nxd6 Rxd6 30.Rxd6 Qxd6
31.fxe4 Bb6 32.Bxf6 gxf6 33.Qf3 Kg7 34.Kg1 Ne5 35.Qe2 Rc8 36.Kf1 Rc3 37.Ng4 Rxg3
38.Nxe5 Qxe5  0-1

[Event "Agency"]
[Site "London"]
[Date "1998.06.19"]
[Round "5"]
[White "McDonald, Neil R"]
[Black "Bates, Richard"]
[Result "1-0"]
[WhiteElo "2485"]
[BlackElo "2430"]

1.e4 c5 2.Nf3 d6 3.Bb5+ Bd7 4.Bxd7+ Nxd7 5.O-O Ngf6 6.d3 e6 7.Nc3 Be7 8.Ng5 O-O
9.f4 Ne8 10.Qh5 h6 11.Nf3 f5 12.Kh1 Nc7 13.a4 a6 14.a5 Qe8 15.Qh3 Qg6 16.Bd2 Nb8
17.Rae1 Nc6 18.Na4 Rae8 19.Nb6 Qg4 20.Qxg4 fxg4 21.Ng1 Nd4 22.Ne2 Bh4 23.g3 Nf3
24.Rd1 Bd8 25.c4 Na8 26.Be3 Nxb6 27.axb6 Bxb6 28.b4 Rc8 29.Rb1 Rc7 30.h3 h5
31.hxg4 hxg4 32.Ng1 Nd4 33.Bxd4 cxd4 34.Ne2 Ba7 35.Ra1 b5 36.cxb5 axb5 37.Rfc1 Rff7
38.Rxc7 Rxc7 39.Kg2 e5 40.Ra6 Kh7  1-0

[Event "Agency"]
[Site "London"]
[Date "1998.06.22"]
[Round "8"]
[White "McDonald, Neil R"]
[Black "Gormally, Daniel"]
[Result "1/2-1/2"]
[WhiteElo "2485"]
[BlackElo "2415"]

1.e4 c5 2.Nf3 d6 3.Bb5+ Nc6 4.O-O Bg4 5.c3 e6 6.h3 Bh5 7.d4 cxd4 8.cxd4 a6
9.Be2 Nf6 10.d5 exd5 11.exd5 Bxf3 12.Bxf3 Ne5 13.Nc3 Be7 14.Be2 O-O 15.Be3 Nfd7
16.f4 Ng6 17.Bd3 Nc5 18.b4 Nxd3 19.Qxd3 Bf6 20.Rac1 Bxc3 21.Rxc3 Rc8 22.Rxc8 Qxc8
23.Bd4 f6 24.a4 Qd7 25.b5 axb5 26.axb5 Qf7 27.Bb2 Re8 28.b6 Qe7 29.Ba3 Qd8  1/2-1/2

[Event "World op"]
[Site "Philadelphia"]
[Date "1998.06.27"]
[Round "1"]
[White "Curdo, John"]
[Black "Epishin, Vladimir"]
[Result "0-1"]
[WhiteElo "2305"]
[BlackElo "2590"]

1.e4 c5 2.Nf3 d6 3.Bb5+ Nc6 4.d4 cxd4 5.Qxd4 Bg4 6.Qd3 Nf6 7.c4 Bxf3 8.Qxf3 Rc8
9.Nc3 e6 10.O-O Be7 11.Rd1 O-O 12.Bxc6 Rxc6 13.e5 Ne8 14.b3 Qa5 15.Nb5 dxe5
16.Bd2 Qb6 17.a4 a5 18.Bc3 Bf6 19.Qe4 Nc7 20.Bxe5 Bxe5 21.Qxe5 Na6 22.Rd3 Nc5
23.Rg3 g6 24.h4 Nd7 25.Qc3 f6 26.Rd1 Nc5 27.Qc2 f5 28.h5 Ne4 29.Rh3 gxh5
30.Rxh5 Rd8 31.Rxd8+ Qxd8 32.Rh3 e5 33.Nc3 Nxc3 34.Qxc3 e4 35.Qe5 Rf6 36.Rg3+ Kf7
37.Rh3 h6 38.Re3 Qd1+ 39.Kh2 Qd6 40.Qxd6 Rxd6 41.Kg3 Ke6 42.f4 h5 43.Kf2 Rd2+
44.Kf1 Kd6 45.Rh3 Kc5 46.Rxh5 Kd4 47.Rxf5 Ke3 48.g4 Kf3 49.Ke1 Ra2 50.Rh5 Ra1+
51.Kd2 e3+ 52.Kd3 Rd1+  0-1

[Event "Copenhagen op"]
[Site "Copenhagen"]
[Date "1998.06.29"]
[Round "8"]
[White "Fries Nielsen, Jens Ove"]
[Black "Djurhuus, Rune"]
[Result "1/2-1/2"]
[WhiteElo "2395"]
[BlackElo "2510"]

1.e4 c5 2.Nf3 d6 3.Bb5+ Nd7 4.O-O Nf6 5.Re1 e5 6.c3 Be7 7.d4 a6 8.Bd3 O-O
9.d5 b5 10.a4 c4 11.Bc2 Rb8 12.Nbd2 Nc5 13.axb5 axb5 14.Nf1 Bd7 15.Ng3 Qc7
16.h3 Ra8 17.Bg5 h6 18.Be3 Na4 19.Qc1 Rfb8 20.Nh4 Nh7 21.Nhf5 Bg5 22.h4 Bxe3
23.Rxe3 Kh8 24.Nxg7 Kxg7 25.Nh5+ Kh8 26.Rg3 Rg8 27.Qxh6 Rxg3 28.fxg3 Rg8
29.Nf6 Rg7 30.Nxh7 Rg6 31.Qf8+ Rg8  1/2-1/2

[Event "RUS-Cup06"]
[Site "Nizhnij Novgorod"]
[Date "1998.06.29"]
[Round "1"]
[White "Shurygin, Sergey"]
[Black "Voitsekhovsky, Stanislav"]
[Result "0-1"]
[WhiteElo "2305"]
[BlackElo "2540"]

1.e4 c5 2.Nf3 d6 3.Bb5+ Nd7 4.O-O Nf6 5.Nc3 e5 6.d3 Be7 7.a4 O-O 8.Nd2 Nb8
9.Re1 Nc6 10.Bxc6 bxc6 11.Nc4 Bg4 12.f3 Bh5 13.Qd2 Ne8 14.Ne2 Nc7 15.Qa5 f6
16.b3 Qd7 17.Be3 Ne6 18.Ng3 Bg6 19.Qd2 d5 20.Nb2 h5 21.h3 Nd4 22.Rf1 h4 23.Ne2 f5
24.exd5 cxd5 25.Nxd4 cxd4 26.Bg5 Bf6 27.Bxf6 gxf6 28.Qh6 Kf7 29.Qxh4 f4 30.Qe1 Rg8
31.Kf2 Bf5 32.Rh1 Rac8 33.Rc1 Rc3 34.Nd1 Rc6 35.Qd2 Ke6 36.c4 dxc3 37.Rxc3 Rgc8
38.h4 Qb7 39.Rxc6+ Rxc6 40.b4 Qb6+ 41.Kf1 Qd4 42.Ke2 Qa1 43.a5 Qb1 44.Nf2 Bxd3+
45.Nxd3 Qxh1 46.Nc5+ Kd6 47.Ne4+ Ke7 48.Qxd5 Qxg2+ 49.Nf2 Rc2+ 50.Kd1 Qxf2
51.Qb7+ Kf8  0-1

[Event "World op"]
[Site "Philadelphia"]
[Date "1998.06.29"]
[Round "3"]
[White "Christiansen, Larry Mark"]
[Black "Yermolinsky, Alex"]
[Result "1-0"]
[WhiteElo "2575"]
[BlackElo "2660"]

1.e4 c5 2.Nf3 d6 3.Bb5+ Bd7 4.Bxd7+ Qxd7 5.O-O Nf6 6.Re1 Nc6 7.b3 g6 8.c3 Bg7
9.d4 d5 10.e5 Ne4 11.Bb2 O-O 12.Nbd2 Nxd2 13.Qxd2 cxd4 14.cxd4 Nd8 15.Rac1 Ne6
16.Ba3 Rfc8 17.Qb4 Bf8 18.Nd2 Rxc1 19.Rxc1 a5 20.Qc3 a4 21.Bc5 axb3 22.axb3 Nxc5  1-0

[Event "Copenhagen op"]
[Site "Copenhagen"]
[Date "1998.06.30"]
[Round "9"]
[White "Larsen, Karsten"]
[Black "Petersen, Steen"]
[Result "0-1"]
[WhiteElo "2245"]
[BlackElo "2130"]

1.e4 c5 2.Nf3 d6 3.Bb5+ Bd7 4.Bxd7+ Qxd7 5.O-O Nc6 6.c3 Nf6 7.d4 cxd4 8.cxd4 d5
9.e5 Ne4 10.Ne1 h6 11.f3 Ng5 12.Be3 Rc8 13.Nd2 Ne6 14.Nb3 g5 15.Nd3 b6 16.Qd2 Rg8
17.Rf2 Ng7 18.Nbc1 g4 19.Ne2 Nf5 20.fxg4 Nxe3 21.Qxe3 Qxg4 22.Raf1 e6 23.Nef4 Be7
24.Rf3 Bh4 25.g3 Ne7 26.Qf2 Nf5 27.Nxd5 Nxd4 28.Rxf7 Ne2+ 29.Kh1 Qe4+ 30.Qf3 exd5
31.gxh4 Rc2 32.Qxe4 dxe4 33.Nb4 Rc1 34.Rxc1 Nxc1 35.Rf1 Ne2 36.Re1 Nd4 37.Rg1 Rf8
38.Nd5 e3 39.Nxe3 Nf3 40.Rf1 Nxe5 41.Rxf8+ Kxf8 42.Kg2 Kf7 43.Kg3 Nd3 44.Nd1 Kf6
45.Kg4 Kg6 46.h5+ Kf6 47.b3 Ke5 48.Nc3 a6 49.Kf3 Nf4 50.Ke3 Nxh5 51.Na4 Nf6
52.Kf3 Nd5 53.Kg4 Kd4 54.Kh5 b5 55.Nb2 Ne3 56.a4 b4 57.a5 Kc3 58.Na4+ Kxb3
59.Nc5+ Kc4 60.Nxa6 b3 61.Nc7 b2 62.a6 b1=Q 63.a7 Qf5+ 64.Kxh6 Ng4+ 65.Kg7 Qf6+
66.Kg8 Nh6+ 67.Kh7 Nf5  0-1